| 000 | 00457nam a2200097Ia 4500 | ||
|---|---|---|---|
| 008 | 180130s9999 xx 000 0 und d | ||
| 245 |
_cKara, Nadija; Soualhia, Mbarka; Belqasmi, Fatna; Azar, Christian; Glitho, Roch _aGenetic-based algorithms for resource management in virtualized IVR applications |
||
| 260 | _c2016 | ||
| 300 | _aBook title: Networking, models and methods of cloud computing--Acession number C20732; pages 154-171 | ||
| 650 | _aCLOUD COMPUTING | ||
| 999 |
_c353801 _d353801 |
||